000 00442nam a2200157Ia 4500
008 240729s9999 xx 000 0 und d
022 _a2314-6648
245 0 _aJournal of the Egyptian Ophthalmological Society
260 _aIndia
260 _bWolters Kluwer Medknow Publications
650 _a Ophthalmology
650 _aMedicine
856 _uhttps://doaj.org/toc/c410147cb35d417686798ec5b7bf222c
942 _2ddc
942 _cDOAJEJ
999 _c71796
_d71796
945 _a1
_bMadushi Gamage
_c1
_dMadushi Gamage